| 000 | 01216nam a2200313Ia 4500 | ||
|---|---|---|---|
| 001 | ebr10395571 | ||
| 003 | CaPaEBR | ||
| 006 | m u | ||
| 007 | cr cn||||||||| | ||
| 008 | 100222s2010 enk s 001 0 eng d | ||
| 010 | _z 2010003984 | ||
| 020 | _z9780470997659 (cloth) | ||
| 040 |
_aCaPaEBR _cCaPaEBR |
||
| 035 | _a(OCoLC)644164337 | ||
| 050 | 1 | 4 |
_aTK7872.D48 _bD37 2010eb |
| 082 | 0 | 4 |
_a681/.2 _222 |
| 100 | 1 | _aDargie, Waltenegus. | |
| 245 | 1 | 0 |
_aFundamentals of wireless sensor networks _h[electronic resource] : _btheory and practice / _cWaltenegus Dargie, Christian Poellabauer. |
| 260 |
_aChichester, West Sussex, U.K. ; _aHoboken, NJ : _bWiley, _c2010. |
||
| 300 | _axviii, 311 p. | ||
| 500 | _aIncludes index. | ||
| 533 |
_aElectronic reproduction. _bPalo Alto, Calif. : _cebrary, _d2010. _nAvailable via World Wide Web. _nAccess may be limited to ebrary affiliated libraries. |
||
| 650 | 0 | _aWireless sensor networks. | |
| 650 | 0 | _aElectronics. | |
| 655 | 7 |
_aElectronic books. _2local |
|
| 700 | 1 | _aPoellabauer, Christian. | |
| 710 | 2 | _aebrary, Inc. | |
| 856 | 4 | 0 |
_uhttp://site.ebrary.com/lib/rucke/Doc?id=10395571 _zAn electronic book accessible through the World Wide Web; click to view |
| 999 |
_c88289 _d88289 |
||